Minecraft Saturday Winners - Statistics

General Stats
  • This quiz has been taken 158 times
    155 since last reset
  • The average score is 3 of 6
Answer Stats
Week Winner % Correct
3 fruitberries
73%
1 ShadowApples
60%
1 xNestorio
59%
2 Grapeapplesauce
47%
2 Kiingtong
47%
3 Pokay
31%
No matching quizzes found
Score Distribution
Percent of People with Each Score
Percentile by Number Answered
Your Score History
You have not taken this quiz since the last reset